| 000 | 01925cam0 2200469 ib4500 | ||
|---|---|---|---|
| 001 | BY-MI0013-br4502722 | ||
| 005 | 20251031145511.0 | ||
| 010 |
^a978-5-389-14390-6 ^bв переплёте |
||
| 100 | ^a20251031d2025 m y0rusy50 ca | ||
| 101 | 0 | ^arus | |
| 102 | ^aRU | ||
| 105 | ^ay z 000cy | ||
| 109 | ^ama | ||
| 200 | 1 |
^aЗаписки охотника ^eочерки ^fИван Сергеевич Тургенев ^gпримечания Аллы Степановой ^gстатья И. Сухих |
|
| 210 |
^aСанкт-Петербург ^cАзбука ^cАзбука-Аттикус ^d2025 |
||
| 215 |
^a443, [2] с. ^d21 см |
||
| 225 | 1 | ^aМировая классика | |
| 327 | 0 | ^aВ содержании : статья / И. Сухих | |
| 333 | ^a12+ | ||
| 345 | ^95000 экз. | ||
| 464 | 0 |
^12001 ^aХорь и Калиныч |
|
| 464 | 0 |
^12001 ^aБежин луг |
|
| 464 | 0 |
^12001 ^aСвидание |
|
| 464 | 0 |
^12001 ^aДва помещика |
|
| 606 |
^aАПОВЕСЦІ ^3BY-NLB-ar2735500 ^2DVNLB |
||
| 606 |
^aПОВЕСТИ ^3BY-NLB-ar2735501 ^2DVNLB |
||
| 606 |
^aРУССКАЯ ЛИТЕРАТУРА ^3BY-NLB-ar28702 ^2DVNLB |
||
| 608 |
^aОЧЕРК ^3BY-NLB-ar45800 ^2BYGNR |
||
| 686 |
^a84(2=411.2)5 ^2rubbk |
||
| 690 |
^a1 ^9BY-MI0013 ^2Base ^xRSEK |
||
| 700 | 1 |
^aТургенев ^bИ. С. ^gИван Сергеевич ^cписатель ^f1818—1883 ^3BY-NLB-ar93423 ^4070 |
|
| 702 | 1 |
^aСухих ^bИ. Н. ^gИгорь Николаевич ^cдоктор филологических наук ^3BY-SEK-129701 ^4080 |
|
| 801 | 0 |
^aBY ^bBY-MI0013 ^c20251031 ^gRCR |
|
| 035 | ^a(BY-MI0013)BY-MI0013-br4502722 | ||
| 899 | 0 |
^aBY-MI0013 ^iТ87 ^h84(2=411.2)5 |
|